=LDR 00000nam 2200000 4500 =001 INLIS000000000012647 =005 20130612104139 =008 ***********************************Ind** =035 ##$$0010-061300000012647 =041 ##$$a Ind =082 ##$$a 614.4 =090 ##$$a 614.4, Pen p =100 ##$$a Paudia, Kabar =245 ##$$a Penyakit Rakyat dan pencegahannya, Kabar Paudia =260 ##$$a 1985 $b Jakarta =300 ##$$a vii,163 hlm., Ilus, 21 cm =650 ##$$a Penyakit Rakyat dan pencegahannya =850 ##$$a NBPNMAT